000 00747nam a2200277Ia 4500
001 A6082
003 IT-RoPAU
008 130308s9999 xx 000 0 und d
040 _aIT-RoPAU
040 _cIT-RoPAU
041 _aITALIANO
100 _aSantambrogio Marco
100 _gCodice Aut. SPICS: 35446
245 _aEntità immaginarie
245 _bSemiotica: storia Teoria Interpretazione-Saggi intorno a Umberto Eco
250 _a1a ed.
260 _aMILANO
260 _bBompiani
260 _c1992 [1° Ed.:1992 - Ed.Ling.Originale:1992]
300 _a"13 p. (prefazione: no ; testo: 13 [pagine: 151-163])"
650 _aSEMIOLOGIA
650 _eCodice materia Spics: 3251
942 _cBK
957 _71
999 _c78174
_d78174
999 _g1